| 000 -LEADER |
| fixed length control field |
00971pam a2200325 a 4500 |
| 001 - CONTROL NUMBER |
| control field |
013370430 |
| 003 - CONTROL NUMBER IDENTIFIER |
| control field |
Uk |
| 005 - DATE AND TIME OF LATEST TRANSACTION |
| control field |
20230823112233.0 |
| 008 - FIXED-LENGTH DATA ELEMENTS--GENERAL INFORMATION |
| fixed length control field |
060526s2006 enk d 000 0 eng d |
| 010 ## - LIBRARY OF CONGRESS CONTROL NUMBER |
| LC control number |
2006046412 |
| 015 ## - NATIONAL BIBLIOGRAPHY NUMBER |
| National bibliography number |
GBA610143 |
| Source |
bnb |
| 016 7# - NATIONAL BIBLIOGRAPHIC AGENCY CONTROL NUMBER |
| Record control number |
013370430 |
| Source |
Uk |
| 020 ## - INTERNATIONAL STANDARD BOOK NUMBER |
| International Standard Book Number |
9780198614388 (hbk.) |
| 035 ## - SYSTEM CONTROL NUMBER |
| System control number |
(UkCU)4275403 |
| 038 ## - RECORD CONTENT LICENSOR |
| Record content licensor |
UkLCURL |
| 040 ## - CATALOGING SOURCE |
| Original cataloging agency |
StDuBDS |
| Modifying agency |
UkCU |
| -- |
Uk |
| Transcribing agency |
KH8 |
| 042 ## - AUTHENTICATION CODE |
| Authentication code |
ukscp |
| 082 04 - DEWEY DECIMAL CLASSIFICATION NUMBER |
| Classification number |
423 LIL |
| Edition number |
22 |
| 130 ## - MAIN ENTRY--UNIFORM TITLE |
| Uniform title |
Little Oxford English dictionary. |
| 245 00 - TITLE STATEMENT |
| Title |
Little Oxford English dictionary. |
| 250 ## - EDITION STATEMENT |
| Edition statement |
9th ed. / |
| Remainder of edition statement |
edited by Sara Hawker. |
| 260 ## - PUBLICATION, DISTRIBUTION, ETC. |
| Place of publication, distribution, etc. |
Oxford ; |
| -- |
New York : |
| Name of publisher, distributor, etc. |
Oxford University Press, |
| Date of publication, distribution, etc. |
2006. |
| 300 ## - PHYSICAL DESCRIPTION |
| Extent |
x, 818 p. ; |
| Dimensions |
16 cm. |
| 336 ## - CONTENT TYPE |
| Content type term |
text |
| Source |
rdacontent |
| 337 ## - MEDIA TYPE |
| Media type term |
unmediated |
| Source |
rdamedia |
| 338 ## - CARRIER TYPE |
| Carrier type term |
volume |
| Source |
rdacarrier |
| 500 ## - GENERAL NOTE |
| General note |
Previous ed. / edited by Angus Stevenson with Julia Elliott, Richard Jones. 2002. |
| 650 #0 - SUBJECT ADDED ENTRY--TOPICAL TERM |
| Topical term or geographic name entry element |
English language |
| Form subdivision |
Dictionaries. |
| 942 ## - ADDED ENTRY ELEMENTS (KOHA) |
| Source of classification or shelving scheme |
|
| Koha item type |
Teaching Resources |